<?xml version="1.0" encoding="UTF-8"?>
<record
    xmlns:xsi="http://www.w3.org/2001/XMLSchema-instance"
    xsi:schemaLocation="http://www.loc.gov/MARC21/slim http://www.loc.gov/standards/marcxml/schema/MARC21slim.xsd"
    xmlns="http://www.loc.gov/MARC21/slim">

  <leader>00396nam a2200157Ia 4500</leader>
  <controlfield tag="008">221030s9999    xx            000 0 und d</controlfield>
  <datafield tag="041" ind1=" " ind2=" ">
    <subfield code="a">English</subfield>
  </datafield>
  <datafield tag="082" ind1=" " ind2=" ">
    <subfield code="a">105.23</subfield>
    <subfield code="b">Hor</subfield>
  </datafield>
  <datafield tag="100" ind1=" " ind2=" ">
    <subfield code="a">E. Horowitz</subfield>
  </datafield>
  <datafield tag="245" ind1=" " ind2="0">
    <subfield code="a">Fundamentals Of Data Structures</subfield>
    <subfield code="c">by E. Horowitz, S. Sahni</subfield>
  </datafield>
  <datafield tag="260" ind1=" " ind2=" ">
    <subfield code="b">Galgotia Pub</subfield>
    <subfield code="a">New Delhi</subfield>
    <subfield code="c">2001</subfield>
  </datafield>
  <datafield tag="300" ind1=" " ind2=" ">
    <subfield code="a">564</subfield>
  </datafield>
  <datafield tag="650" ind1=" " ind2=" ">
    <subfield code="a">BE Computer</subfield>
  </datafield>
  <datafield tag="700" ind1=" " ind2=" ">
    <subfield code="a">S. Sahni</subfield>
  </datafield>
  <datafield tag="942" ind1=" " ind2=" ">
    <subfield code="c">BK</subfield>
  </datafield>
  <datafield tag="999" ind1=" " ind2=" ">
    <subfield code="c">896</subfield>
    <subfield code="d">896</subfield>
  </datafield>
  <datafield tag="952" ind1=" " ind2=" ">
    <subfield code="p">BE 4784</subfield>
    <subfield code="g">230.00</subfield>
    <subfield code="l">0</subfield>
    <subfield code="o">105.23 Hor</subfield>
    <subfield code="r">2024-06-13 00:00:00</subfield>
    <subfield code="w">2022-10-30</subfield>
    <subfield code="y">BK</subfield>
    <subfield code="0">0</subfield>
    <subfield code="3">Print</subfield>
    <subfield code="4">0</subfield>
    <subfield code="7">0</subfield>
    <subfield code="a">MIETLIB</subfield>
    <subfield code="b">MIETLIB</subfield>
    <subfield code="c">BL-Academic Block - A, FL-1, CUP-90, SH-3, R-3</subfield>
    <subfield code="d">2005-10-18</subfield>
    <subfield code="1">0</subfield>
    <subfield code="H">BE</subfield>
  </datafield>
  <datafield tag="952" ind1=" " ind2=" ">
    <subfield code="p">BE 4719</subfield>
    <subfield code="g">230.00</subfield>
    <subfield code="l">0</subfield>
    <subfield code="o">105.23 Hor</subfield>
    <subfield code="r">2024-06-13 00:00:00</subfield>
    <subfield code="w">2022-10-30</subfield>
    <subfield code="y">BK</subfield>
    <subfield code="0">0</subfield>
    <subfield code="3">Print</subfield>
    <subfield code="4">0</subfield>
    <subfield code="7">1</subfield>
    <subfield code="a">MIETLIB</subfield>
    <subfield code="b">MIETLIB</subfield>
    <subfield code="c">BL-Second, FL-1, CUP-58, SH-1, R-1</subfield>
    <subfield code="d">2000-01-14</subfield>
    <subfield code="1">0</subfield>
    <subfield code="H">BE</subfield>
  </datafield>
  <datafield tag="952" ind1=" " ind2=" ">
    <subfield code="p">BE 4715</subfield>
    <subfield code="g">230.00</subfield>
    <subfield code="l">0</subfield>
    <subfield code="o">105.23 Hor</subfield>
    <subfield code="r">2024-06-13 00:00:00</subfield>
    <subfield code="w">2022-10-30</subfield>
    <subfield code="y">BK</subfield>
    <subfield code="0">0</subfield>
    <subfield code="3">Print</subfield>
    <subfield code="4">0</subfield>
    <subfield code="7">0</subfield>
    <subfield code="a">MIETLIB</subfield>
    <subfield code="b">MIETLIB</subfield>
    <subfield code="c">BL-Academic Block - A, FL-1, CUP-90, SH-3, R-3</subfield>
    <subfield code="d">2002-01-14</subfield>
    <subfield code="1">0</subfield>
    <subfield code="H">BE</subfield>
  </datafield>
  <datafield tag="952" ind1=" " ind2=" ">
    <subfield code="p">BE 4716</subfield>
    <subfield code="g">230.00</subfield>
    <subfield code="l">0</subfield>
    <subfield code="o">105.23 Hor</subfield>
    <subfield code="r">2024-06-13 00:00:00</subfield>
    <subfield code="w">2022-10-30</subfield>
    <subfield code="y">BK</subfield>
    <subfield code="0">0</subfield>
    <subfield code="3">Print</subfield>
    <subfield code="4">0</subfield>
    <subfield code="7">0</subfield>
    <subfield code="a">MIETLIB</subfield>
    <subfield code="b">MIETLIB</subfield>
    <subfield code="c">BL-Academic Block - A, FL-1, CUP-90, SH-3, R-3</subfield>
    <subfield code="d">2002-01-14</subfield>
    <subfield code="1">0</subfield>
    <subfield code="H">BE</subfield>
  </datafield>
  <datafield tag="952" ind1=" " ind2=" ">
    <subfield code="p">BE 4717</subfield>
    <subfield code="g">230.00</subfield>
    <subfield code="l">0</subfield>
    <subfield code="o">105.23 Hor</subfield>
    <subfield code="r">2024-06-13 00:00:00</subfield>
    <subfield code="w">2022-10-30</subfield>
    <subfield code="y">BK</subfield>
    <subfield code="0">0</subfield>
    <subfield code="3">Print</subfield>
    <subfield code="4">0</subfield>
    <subfield code="7">0</subfield>
    <subfield code="a">MIETLIB</subfield>
    <subfield code="b">MIETLIB</subfield>
    <subfield code="c">BL-Academic Block - A, FL-1, CUP-90, SH-3, R-3</subfield>
    <subfield code="d">2002-01-14</subfield>
    <subfield code="1">0</subfield>
    <subfield code="H">BE</subfield>
  </datafield>
  <datafield tag="952" ind1=" " ind2=" ">
    <subfield code="p">BE 4718</subfield>
    <subfield code="g">230.00</subfield>
    <subfield code="l">0</subfield>
    <subfield code="o">105.23 Hor</subfield>
    <subfield code="r">2024-06-13 00:00:00</subfield>
    <subfield code="w">2022-10-30</subfield>
    <subfield code="y">BK</subfield>
    <subfield code="0">0</subfield>
    <subfield code="3">Print</subfield>
    <subfield code="4">0</subfield>
    <subfield code="7">0</subfield>
    <subfield code="a">MIETLIB</subfield>
    <subfield code="b">MIETLIB</subfield>
    <subfield code="c">BL-Academic Block - A, FL-1, CUP-90, SH-3, R-3</subfield>
    <subfield code="d">2002-01-14</subfield>
    <subfield code="1">0</subfield>
    <subfield code="H">BE</subfield>
  </datafield>
  <datafield tag="952" ind1=" " ind2=" ">
    <subfield code="p">BE 4785</subfield>
    <subfield code="g">230.00</subfield>
    <subfield code="l">0</subfield>
    <subfield code="o">105.23 Hor</subfield>
    <subfield code="r">2024-06-13 00:00:00</subfield>
    <subfield code="w">2022-10-30</subfield>
    <subfield code="y">BK</subfield>
    <subfield code="0">0</subfield>
    <subfield code="3">Print</subfield>
    <subfield code="4">0</subfield>
    <subfield code="7">0</subfield>
    <subfield code="a">MIETLIB</subfield>
    <subfield code="b">MIETLIB</subfield>
    <subfield code="c">BL-Academic Block - A, FL-1, CUP-90, SH-3, R-3</subfield>
    <subfield code="d">2002-03-16</subfield>
    <subfield code="1">0</subfield>
    <subfield code="H">BE</subfield>
  </datafield>
  <datafield tag="952" ind1=" " ind2=" ">
    <subfield code="p">BE 4786</subfield>
    <subfield code="g">230.00</subfield>
    <subfield code="l">2</subfield>
    <subfield code="o">105.23 Hor</subfield>
    <subfield code="r">2024-06-13 00:00:00</subfield>
    <subfield code="s">2023-08-22</subfield>
    <subfield code="w">2022-10-30</subfield>
    <subfield code="y">BK</subfield>
    <subfield code="0">0</subfield>
    <subfield code="3">Print</subfield>
    <subfield code="4">0</subfield>
    <subfield code="7">0</subfield>
    <subfield code="a">MIETLIB</subfield>
    <subfield code="b">MIETLIB</subfield>
    <subfield code="c">BL-Academic Block - A, FL-1, CUP-90, SH-3, R-3</subfield>
    <subfield code="d">2002-03-16</subfield>
    <subfield code="1">0</subfield>
    <subfield code="H">BE</subfield>
  </datafield>
  <datafield tag="952" ind1=" " ind2=" ">
    <subfield code="p">BE 4787</subfield>
    <subfield code="g">230.00</subfield>
    <subfield code="l">0</subfield>
    <subfield code="o">105.23 Hor</subfield>
    <subfield code="r">2024-06-13 00:00:00</subfield>
    <subfield code="w">2022-10-30</subfield>
    <subfield code="y">BK</subfield>
    <subfield code="0">0</subfield>
    <subfield code="3">Print</subfield>
    <subfield code="4">0</subfield>
    <subfield code="7">0</subfield>
    <subfield code="a">MIETLIB</subfield>
    <subfield code="b">MIETLIB</subfield>
    <subfield code="c">BL-Academic Block - A, FL-1, CUP-90, SH-3, R-3</subfield>
    <subfield code="d">2002-03-16</subfield>
    <subfield code="1">0</subfield>
    <subfield code="H">BE</subfield>
  </datafield>
  <datafield tag="952" ind1=" " ind2=" ">
    <subfield code="p">BE 3960</subfield>
    <subfield code="g">175.00</subfield>
    <subfield code="l">0</subfield>
    <subfield code="o">105.23 Hor</subfield>
    <subfield code="r">2024-06-13 00:00:00</subfield>
    <subfield code="w">2022-10-30</subfield>
    <subfield code="y">BK</subfield>
    <subfield code="0">0</subfield>
    <subfield code="3">Print</subfield>
    <subfield code="4">0</subfield>
    <subfield code="7">0</subfield>
    <subfield code="a">MIETLIB</subfield>
    <subfield code="b">MIETLIB</subfield>
    <subfield code="c">BL-Academic Block - A, FL-1, CUP-90, SH-3, R-3</subfield>
    <subfield code="d">2001-06-13</subfield>
    <subfield code="1">0</subfield>
    <subfield code="H">BE</subfield>
  </datafield>
  <datafield tag="952" ind1=" " ind2=" ">
    <subfield code="p">BE 3961</subfield>
    <subfield code="g">175.00</subfield>
    <subfield code="l">0</subfield>
    <subfield code="o">105.23 Hor</subfield>
    <subfield code="r">2024-06-13 00:00:00</subfield>
    <subfield code="w">2022-10-30</subfield>
    <subfield code="y">BK</subfield>
    <subfield code="0">0</subfield>
    <subfield code="3">Print</subfield>
    <subfield code="4">0</subfield>
    <subfield code="7">1</subfield>
    <subfield code="a">MIETLIB</subfield>
    <subfield code="b">MIETLIB</subfield>
    <subfield code="c">BL-Second, FL-1, CUP-58, SH-1, R-1</subfield>
    <subfield code="d">2001-06-13</subfield>
    <subfield code="1">0</subfield>
    <subfield code="H">BE</subfield>
  </datafield>
</record>
